|
|
|
|
| LEADER |
03087nam a2200553 4500 |
| 001 |
978-3-319-59573-3 |
| 003 |
DE-He213 |
| 005 |
20191022151819.0 |
| 007 |
cr nn 008mamaa |
| 008 |
171019s2018 gw | s |||| 0|eng d |
| 020 |
|
|
|a 9783319595733
|9 978-3-319-59573-3
|
| 024 |
7 |
|
|a 10.1007/978-3-319-59573-3
|2 doi
|
| 040 |
|
|
|d GrThAP
|
| 050 |
|
4 |
|a TA404.6
|
| 072 |
|
7 |
|a TGMT
|2 bicssc
|
| 072 |
|
7 |
|a TEC021000
|2 bisacsh
|
| 072 |
|
7 |
|a TGMT
|2 thema
|
| 082 |
0 |
4 |
|a 620.11
|2 23
|
| 245 |
1 |
0 |
|a Industrial X-Ray Computed Tomography
|h [electronic resource] /
|c edited by Simone Carmignato, Wim Dewulf, Richard Leach.
|
| 250 |
|
|
|a 1st ed. 2018.
|
| 264 |
|
1 |
|a Cham :
|b Springer International Publishing :
|b Imprint: Springer,
|c 2018.
|
| 300 |
|
|
|a VII, 369 p. 273 illus.
|b online resource.
|
| 336 |
|
|
|a text
|b txt
|2 rdacontent
|
| 337 |
|
|
|a computer
|b c
|2 rdamedia
|
| 338 |
|
|
|a online resource
|b cr
|2 rdacarrier
|
| 347 |
|
|
|a text file
|b PDF
|2 rda
|
| 505 |
0 |
|
|a Introduction -- Principles of X-ray computed tomography -- Technical concepts and components -- Processing and visualization of CT data -- Computer simulation -- Error sources -- Performance verification -- Traceability of CT dimensional measurements -- CT for non-destructive testing and materials characterization -- CT for dimensional metrology -- Other industrial applications.
|
| 520 |
|
|
|a This book covers all aspects of industrial X-Ray computed tomography (XCT) including history, basics, different instrument architectures, hardware and software, error sources, traceability and calibration, and applications. The book is intended for users and developers of XCT instrumentation and software in both industry and academia, being also suitable for postgraduate students.
|
| 650 |
|
0 |
|a Materials science.
|
| 650 |
|
0 |
|a Manufactures.
|
| 650 |
|
0 |
|a Optical materials.
|
| 650 |
|
0 |
|a Electronic materials.
|
| 650 |
|
0 |
|a Atoms.
|
| 650 |
|
0 |
|a Physics.
|
| 650 |
1 |
4 |
|a Characterization and Evaluation of Materials.
|0 http://scigraph.springernature.com/things/product-market-codes/Z17000
|
| 650 |
2 |
4 |
|a Manufacturing, Machines, Tools, Processes.
|0 http://scigraph.springernature.com/things/product-market-codes/T22050
|
| 650 |
2 |
4 |
|a Optical and Electronic Materials.
|0 http://scigraph.springernature.com/things/product-market-codes/Z12000
|
| 650 |
2 |
4 |
|a Atomic, Molecular, Optical and Plasma Physics.
|0 http://scigraph.springernature.com/things/product-market-codes/P24009
|
| 700 |
1 |
|
|a Carmignato, Simone.
|e editor.
|4 edt
|4 http://id.loc.gov/vocabulary/relators/edt
|
| 700 |
1 |
|
|a Dewulf, Wim.
|e editor.
|4 edt
|4 http://id.loc.gov/vocabulary/relators/edt
|
| 700 |
1 |
|
|a Leach, Richard.
|e editor.
|4 edt
|4 http://id.loc.gov/vocabulary/relators/edt
|
| 710 |
2 |
|
|a SpringerLink (Online service)
|
| 773 |
0 |
|
|t Springer eBooks
|
| 776 |
0 |
8 |
|i Printed edition:
|z 9783319595719
|
| 776 |
0 |
8 |
|i Printed edition:
|z 9783319595726
|
| 776 |
0 |
8 |
|i Printed edition:
|z 9783319866536
|
| 856 |
4 |
0 |
|u https://doi.org/10.1007/978-3-319-59573-3
|z Full Text via HEAL-Link
|
| 912 |
|
|
|a ZDB-2-CMS
|
| 950 |
|
|
|a Chemistry and Materials Science (Springer-11644)
|